<?xml version="1.0" encoding="UTF-8"?>
<record
    xmlns:xsi="http://www.w3.org/2001/XMLSchema-instance"
    xsi:schemaLocation="http://www.loc.gov/MARC21/slim http://www.loc.gov/standards/marcxml/schema/MARC21slim.xsd"
    xmlns="http://www.loc.gov/MARC21/slim">

  <leader>02028na  a2200385   4500</leader>
  <controlfield tag="001">19375</controlfield>
  <controlfield tag="003">MIRAKIL</controlfield>
  <controlfield tag="005">20181213155129.0</controlfield>
  <controlfield tag="008">161214b        tu            000 0      </controlfield>
  <datafield tag="035" ind1=" " ind2=" ">
    <subfield code="a">19375</subfield>
  </datafield>
  <datafield tag="040" ind1=" " ind2=" ">
    <subfield code="a">Milas</subfield>
    <subfield code="b">tur</subfield>
    <subfield code="c">TR-AnCHP</subfield>
  </datafield>
  <datafield tag="041" ind1=" " ind2=" ">
    <subfield code="a">tur</subfield>
  </datafield>
  <datafield tag="082" ind1=" " ind2=" ">
    <subfield code="a">CHP 324.2372</subfield>
    <subfield code="b">C36h 2001</subfield>
  </datafield>
  <datafield tag="090" ind1=" " ind2=" ">
    <subfield code="a">BRO&#x15E;&#xDC;R 55-66</subfield>
  </datafield>
  <datafield tag="110" ind1=" " ind2=" ">
    <subfield code="a">Cumhuriyet Halk Partisi (CHP)</subfield>
    <subfield code="b">Genel Merkez</subfield>
  </datafield>
  <datafield tag="240" ind1=" " ind2=" ">
    <subfield code="a">Halkla birlikte &#xE7;&#xF6;z&#xFC;m</subfield>
  </datafield>
  <datafield tag="245" ind1=" " ind2=" ">
    <subfield code="a">Halkla birlikte &#xE7;&#xF6;z&#xFC;m</subfield>
    <subfield code="c">CHP Genel Merkezi</subfield>
  </datafield>
  <datafield tag="260" ind1=" " ind2=" ">
    <subfield code="a">Ankara</subfield>
    <subfield code="b">CHP</subfield>
    <subfield code="c">2001</subfield>
  </datafield>
  <datafield tag="300" ind1=" " ind2=" ">
    <subfield code="a">12 c.</subfield>
    <subfield code="c">16 sm.</subfield>
  </datafield>
  <datafield tag="440" ind1=" " ind2=" ">
    <subfield code="a">Cumhuriyet Halk Partisi yay&#x131;nlar&#x131;</subfield>
    <subfield code="p">Bildiriler</subfield>
  </datafield>
  <datafield tag="505" ind1=" " ind2=" ">
    <subfield code="a">c.1: Artvin-Bayburt-Giresun-G&#xFC;m&#xFC;&#x15F;hane-Ordu-Rize-Samsun-Trabzon -- c.2: Bal&#x131;kesir-Bursa-&#xC7;anakkale-Edirne-K&#x131;rklareli-Manisa-Tekirda&#x11F; -- c.3: Batman-Bitlis-Diyarbak&#x131;r-Elaz&#x131;&#x11F;-Hakkari-Malatya-Mardin-Mu&#x15F;-Siirt-&#x15E;anl&#x131;urfa-&#x15E;&#x131;rnak-Tunceli -Van -- c.4: A&#x11F;r&#x131;-Ardahan-Bing&#xF6;l-Erzincan-Erzurum-I&#x11F;d&#x131;r-Kars -- c.5: Aksaray-Amasya-Kayseri-K&#x131;r&#x131;kkale-K&#x131;r&#x15F;ehir-Nev&#x15F;ehir-Ni&#x11F;de-Sivas-Tokat-Yozgat -- c.6. Bart&#x131;n-Bolu-&#xC7;ank&#x131;r&#x131;-Karab&#xFC;k-Kastamonu-Sinop-Zonguldak --c.7: Afyon-Antalya-Ayd&#x131;n-Burdur-Denizli-Isparta-Konya-Mu&#x11F;la -- c.8: Bilecik-D&#xFC;zce- ski&#x15F;ehir-Kocaeli-K&#xFC;tahya-Sakarya-U&#x15F;ak-Yalova -- c.9: Adana-Ad&#x131;yaman-Gaziantep-Hatay-&#x130;&#xE7;e -Kahramanmara&#x15F;-Karaman-Kilis-Osmaniye -- c.10: &#x130;zmir -- c.11: Ankara -- c.12: &#x130;stanbul</subfield>
  </datafield>
  <datafield tag="505" ind1=" " ind2=" ">
    <subfield code="a">Politika &#xFC;retimine halk&#xE7;&#x131; katk&#x131; / Deniz Baykal</subfield>
  </datafield>
  <datafield tag="610" ind1=" " ind2=" ">
    <subfield code="a">CHP</subfield>
    <subfield code="x">Siyaset ve y&#xF6;netim</subfield>
    <subfield code="y">2000-</subfield>
  </datafield>
  <datafield tag="610" ind1=" " ind2=" ">
    <subfield code="a">CHP</subfield>
    <subfield code="x">B&#xF6;lgesel geli&#x15F;me stratejileri</subfield>
    <subfield code="y">Baykal d&#xF6;nemi</subfield>
  </datafield>
  <datafield tag="610" ind1=" " ind2=" ">
    <subfield code="a">CHP</subfield>
    <subfield code="x">B&#xF6;lgesel ara&#x15F;t&#x131;rmalar</subfield>
    <subfield code="y">&#xC7;&#xF6;z&#xFC;m &#xF6;nerileri</subfield>
  </datafield>
  <datafield tag="610" ind1=" " ind2=" ">
    <subfield code="a">CHP</subfield>
    <subfield code="x">Toplumsal sorunlar</subfield>
    <subfield code="y">&#xC7;&#xF6;z&#xFC;m &#xF6;nerileri</subfield>
  </datafield>
  <datafield tag="650" ind1=" " ind2=" ">
    <subfield code="a">Toplumsal sorunlar</subfield>
    <subfield code="x">B&#xF6;lgesel ara&#x15F;t&#x131;rmalar</subfield>
    <subfield code="y">Bildiriler</subfield>
  </datafield>
  <datafield tag="651" ind1=" " ind2=" ">
    <subfield code="a">T&#xFC;rkiye</subfield>
    <subfield code="x">Sosyo ekonomik durum</subfield>
    <subfield code="y">2000-</subfield>
  </datafield>
  <datafield tag="657" ind1=" " ind2=" ">
    <subfield code="a">Halkla birlikte &#xE7;&#xF6;z&#xFC;m projesi</subfield>
  </datafield>
  <datafield tag="700" ind1=" " ind2=" ">
    <subfield code="a"> </subfield>
  </datafield>
  <datafield tag="740" ind1=" " ind2=" ">
    <subfield code="a">Politika &#xFC;retimine halk&#xE7;&#x131; katk&#x131; / Deniz baykal</subfield>
  </datafield>
  <datafield tag="830" ind1=" " ind2=" ">
    <subfield code="a">CHP yay&#x131;nlar&#x131;</subfield>
  </datafield>
  <datafield tag="942" ind1=" " ind2=" ">
    <subfield code="2">ddc</subfield>
    <subfield code="c">BKS</subfield>
  </datafield>
  <datafield tag="952" ind1=" " ind2=" ">
    <subfield code="5">1</subfield>
    <subfield code="a">0001</subfield>
    <subfield code="b">0001</subfield>
    <subfield code="d">2016-12-14</subfield>
    <subfield code="e">2</subfield>
    <subfield code="f"> BRO&#x15E;&#xDC;RLER</subfield>
    <subfield code="l">0</subfield>
    <subfield code="o">BRO&#x15E;&#xDC;R 55-66</subfield>
    <subfield code="p">011108</subfield>
    <subfield code="r">2016-12-14 00:00:00</subfield>
    <subfield code="w">2016-12-14</subfield>
    <subfield code="y">VIS</subfield>
  </datafield>
  <datafield tag="999" ind1=" " ind2=" ">
    <subfield code="c">7155</subfield>
    <subfield code="d">7155</subfield>
  </datafield>
</record>
